000 01147nam a2200325 i 4500
001 000008737
003 DO-SdBNP
005 20240306092901.0
006 a||||gr|||| 00| 0
007 ta
008 090918e1970 dr 001 m spa d
040 _aDO-SdBNP
_bspa
_cBNPHU
_erda
082 4 _a860.9
_bD542cu
_222
100 1 _aDíaz Castillo, Bievenido,
_923256
_eautor
245 1 0 _aCumbres de la literatura española /
_cBienvenido Díaz Castillo ; prólogo, Manuel Valldeperes.
264 1 _aSanto Domingo :
_bLibrería Dominicana,
_c1970.
300 _a290 páginas ;
_c21 cm.
336 _2rdacontent
_atexto
_btxt
337 _2rdamedia
_asin mediación
_bn
338 _2rdacarrier
_avolumen
_bnc
500 _aIncluye índice de nombres.
500 _aIncluye datos biográficos del autor en la página (5).
590 _aInventariado, 2023 / MF
650 0 _aLiteratura española
_xHistoria y crítica
_93904
650 0 _aLiteratura española
_9632
650 4 _aAutores españoles
_xHistoria y crítica
_923257
700 1 _aValldeperes, Manuel,
_eprólogo
_923258
910 _aValidado. Control de calidad MFF
942 _2ddc
_cLBS1
999 _c8507
_d8507